00440nam a22001337a 4500082001700000100002200017245004600039260003600085300000800121650001600129942000700145952013700152999001700289 a294.5512 CHA aChampakalakshmi R aVaisnava Iconography in the Tamil Country aNew DelhibOrient Longmanc1981 a370 aVaishnavism cBK 00104070aHMIbHMId2017-02-02eOrient Blackswan hyderabadg250.00l3o294.5512 CHAp25104r2022-03-14s2022-02-16w2017-02-02yBK c20195d20195